000 01882cam a2200313 4500
008 #DATE n2003 000 0 eng u
020 _a1904388108
035 _a(Sirsi) u122554
041 _aeng
050 _a333.332
_c18
100 _aBaldwin, Richard
245 _aAsset valuations
_bRed Book update 2003. A CPD study pack.
250 _a5th ed.
260 _aReading
_bCollege of Estate Management
_c2003
300 _a40p.
_c30cm. + 1 audio CD (ca. 60min.)
350 _a41
490 _aCollege of Estate Management CPD Study Pack
520 _aThe aim of this study pack is to enable the reader to be able to recognise those situations where compliance with the RICS Appraisal and Valuation Standards (ISBN 1842191233) is required. Specify procedures and approaches to problems of depreciated replacement cost valuations. Distinguishes internal, external and independent valuers and their roles. Formulate valuation certificates. Consider the requirements of the Financial Services Authority and the City Panel. Provide depreciable amounts for valuation of relevent freehold and long leasehold interests and to be aware of special factors and requirements when valuing assets. This pack is based on the RICS Appraisal and Valuation Standards (the Red Book) updated to May 2003 .
520 _aIncludes the RICS Soundtrack CD "A guide to the red book (5th edition)" (J12487) which is available to borrow seperately.
520 _aSupersedes fourth edition (ISBN 1899769889).
520 _aWITHDRAWN BY COLLEGE OF ESTATE MANAGEMENT AUGUST 2005 AS BEING OUT OF DATE
650 _aASSET VALUATION
650 _aASSETS
650 _aRICS appraisal and valuation standards
690 _aPROPERTY-PROPERTY APPRAISAL AND VALUATION
710 _aCollege of Estate Management
_9400
710 _aRoyal Institution of Chartered Surveyors
_94900
942 _n0
999 _c102883
_d102883